| 000 | 00503nam a2200181Ia 4500 | ||
|---|---|---|---|
| 008 | 131103s9999 xx 000 0 und d | ||
| 040 | _aLoreto College | ||
| 041 | _aEnglish | ||
| 082 |
_a370.15/AGG _bLCBED/13371 |
||
| 100 | _aAggarwal,J.C. | ||
| 245 |
_aEssentials of educational psychology _cJ.C.Aggarwal |
||
| 260 |
_aNew Delhi _bVikas _c2001 |
||
| 300 |
_a581 p. _b illus.,tables,fig. _c 22 cm. |
||
| 504 | _aIncludes index | ||
| 650 | _aPsychology | ||
| 850 | _aLCBED/370.15/AGG | ||
| 942 | _cBK | ||
| 999 |
_c26629 _d77108 |
||